| 000 | 00950cad a22002055a 4500 | ||
|---|---|---|---|
| 001 | L152190 | ||
| 008 | 110209e20110113xxk f 000 0 eng d | ||
| 035 | _a(Sirsi) u152190 | ||
| 041 | 0 | _aeng | |
| 110 | 2 |
_aFederation of Master Builders _9465 |
|
| 245 | 0 | 0 |
_aLocalism Bill must end housing crisis, warns FMB _h[electronic resource] |
| 260 | _c2011 | ||
| 490 |
_aFederation of Master Builders Press Release _v13 January 2011 |
||
| 520 | _aThe Localism Bill must legislate for the presumption in favour of sustainable development or the Government will struggle to honour its pledge to deliver the new homes the country needs, warns the Federation of Master Builders (FMB). | ||
| 590 | _aKA | ||
| 651 | 4 |
_aUnited Kingdom _y |
|
| 690 | _aBUILT ENVIRONMENT-CONSTRUCTION MARKET | ||
| 856 | 4 | 0 |
_uhttps://www.fmb.org.uk/news/press-releases/2011/january/localism-bill-must-end-housing140111/ _zView the item free of charge at www.fmb.org.uk |
| 942 | _n0 | ||
| 999 |
_c82906 _d82906 |
||